01151na a2200289 450000100060000000300080000600500170001400800410003102000180007203500100009004000250010004100080012508200230013324501440015624600400030026000660034030000190040649000160042549000450044150400440048660000480053065000700057865000790064865000820072765000360080970000160084514525MIRAKIL20181213155258.0160908b tu 000 0  a9786053992264 a14525 aMilasbturcTR-AnCHP aeng a956.1015bP66 2011 aPopular protest and political participation in The Ottoman Empirebstudies in honor of Suraiya Faroqhicedited by Eleni Gara ...[ve öte.] aStudies in honor of Suraiya Faroqhi aİstanbulbİstanbul Bilgi Üniversitesi Yayınlarıc2011 a364 s.c23 sm. aHistoryv39 aİstanbul Bilgi Üniversity pressv368 aKaynakça (319-347 ss.) ve dizin var.  aFaroqhi, Suraiyad1941-xArmağan kitaplar aKarşı hareketlerxTarihyOsmanlı İmparatorluğu,1288- 1918 aSiyasal katılımxTarihyOsmanlı İmparatorluğu,1288- 1918zTürkiye aSiyaset ve yönetimxTarihyOsmanlı İmparatorluğu,1288- 1918zTürkiye aToplumsal hareketlerzTürkiye aGara, Eleni